<?xml version="1.0" encoding="UTF-8"?>
<collection xmlns="http://www.loc.gov/MARC21/slim">
 <record>
  <leader>01348nam a2200253 a 4500</leader>
  <controlfield tag="001">31646</controlfield>
  <controlfield tag="003">BD-DhAAL</controlfield>
  <controlfield tag="005">20170403163717.0</controlfield>
  <controlfield tag="008">170403s2016    bg ||||| |||| 00| 0 eng d</controlfield>
  <datafield tag="999" ind1=" " ind2=" ">
   <subfield code="c">38017</subfield>
   <subfield code="d">38017</subfield>
  </datafield>
  <datafield tag="020" ind1=" " ind2=" ">
   <subfield code="a">9789849165743</subfield>
  </datafield>
  <datafield tag="040" ind1=" " ind2=" ">
   <subfield code="a">BD-DhAAL</subfield>
   <subfield code="c">BD-DhAAL</subfield>
  </datafield>
  <datafield tag="082" ind1=" " ind2=" ">
   <subfield code="2">23</subfield>
   <subfield code="a">320.95492</subfield>
  </datafield>
  <datafield tag="100" ind1=" " ind2=" ">
   <subfield code="a">মুহিত, আবুল মাল আবদুল </subfield>
   <subfield code="9">21166</subfield>
  </datafield>
  <datafield tag="245" ind1=" " ind2=" ">
   <subfield code="a">আবুল মাল আবদুল মুহিত রচনাবলী :</subfield>
   <subfield code="b">দ্বিতীয় খন্ড /</subfield>
   <subfield code="c">আবুল মাল আবদুল মুহিত</subfield>
  </datafield>
  <datafield tag="260" ind1=" " ind2=" ">
   <subfield code="a">ঢাকা :</subfield>
   <subfield code="b">উৎস প্রকাশন,</subfield>
   <subfield code="c">২০১৬</subfield>
  </datafield>
  <datafield tag="300" ind1=" " ind2=" ">
   <subfield code="a">৫৪৩ পৃষ্ঠা :</subfield>
   <subfield code="c">২১ সে. মি.</subfield>
  </datafield>
  <datafield tag="490" ind1=" " ind2=" ">
   <subfield code="a">আবুল মাল আবদুল মুহিত রচনাবলী</subfield>
  </datafield>
  <datafield tag="526" ind1=" " ind2=" ">
   <subfield code="a">AAL</subfield>
  </datafield>
  <datafield tag="541" ind1=" " ind2=" ">
   <subfield code="e">31646</subfield>
  </datafield>
  <datafield tag="651" ind1=" " ind2=" ">
   <subfield code="a">Bangladesh</subfield>
   <subfield code="x">Politics and government</subfield>
   <subfield code="9">21167</subfield>
  </datafield>
  <datafield tag="942" ind1=" " ind2=" ">
   <subfield code="2">ddc</subfield>
   <subfield code="c">BK</subfield>
  </datafield>
  <datafield tag="952" ind1=" " ind2=" ">
   <subfield code="0">0</subfield>
   <subfield code="1">0</subfield>
   <subfield code="2">ddc</subfield>
   <subfield code="4">0</subfield>
   <subfield code="6">320_954920000000000_MUH</subfield>
   <subfield code="7">0</subfield>
   <subfield code="9">60145</subfield>
   <subfield code="a">SCL</subfield>
   <subfield code="b">SCL</subfield>
   <subfield code="c">GEN</subfield>
   <subfield code="d">2017-04-03</subfield>
   <subfield code="e">Development Book Agency</subfield>
   <subfield code="g">1000.00</subfield>
   <subfield code="l">0</subfield>
   <subfield code="o">320.95492 MUH</subfield>
   <subfield code="p">3010031646</subfield>
   <subfield code="r">2017-04-03</subfield>
   <subfield code="t">1</subfield>
   <subfield code="w">2017-04-03</subfield>
   <subfield code="y">BK</subfield>
   <subfield code="x">Transferred from BRACUL to SCL on 08/08/22</subfield>
  </datafield>
  <datafield tag="952" ind1=" " ind2=" ">
   <subfield code="0">0</subfield>
   <subfield code="1">0</subfield>
   <subfield code="2">ddc</subfield>
   <subfield code="4">0</subfield>
   <subfield code="6">320_954920000000000_MUH</subfield>
   <subfield code="7">0</subfield>
   <subfield code="9">60735</subfield>
   <subfield code="a">BRACUL</subfield>
   <subfield code="b">BRACUL</subfield>
   <subfield code="c">GEN</subfield>
   <subfield code="d">2017-04-03</subfield>
   <subfield code="e">Complimentary copy from Mushtaque R. Chowdhury.</subfield>
   <subfield code="l">0</subfield>
   <subfield code="o">320.95492 MUH</subfield>
   <subfield code="p">3010031798</subfield>
   <subfield code="r">2017-05-22</subfield>
   <subfield code="t">2</subfield>
   <subfield code="w">2017-04-03</subfield>
   <subfield code="y">BK</subfield>
  </datafield>
 </record>
</collection>
